<?xml version="1.0" encoding="UTF-8"?>
<record
    xmlns:xsi="http://www.w3.org/2001/XMLSchema-instance"
    xsi:schemaLocation="http://www.loc.gov/MARC21/slim http://www.loc.gov/standards/marcxml/schema/MARC21slim.xsd"
    xmlns="http://www.loc.gov/MARC21/slim">

  <leader>00412nam a2200145Ia 4500</leader>
  <controlfield tag="008">230411s9999    xx            000 0 und d</controlfield>
  <datafield tag="020" ind1=" " ind2=" ">
    <subfield code="a">0-323-02481-5</subfield>
  </datafield>
  <datafield tag="041" ind1=" " ind2=" ">
    <subfield code="a">eng</subfield>
  </datafield>
  <datafield tag="082" ind1=" " ind2=" ">
    <subfield code="a">MS/610.7361/URD/KAT/B05567</subfield>
  </datafield>
  <datafield tag="100" ind1=" " ind2=" ">
    <subfield code="a">Urden Linda Kathleen M &amp; Lough M</subfield>
    <subfield code="9">178605</subfield>
  </datafield>
  <datafield tag="245" ind1=" " ind2=" ">
    <subfield code="a">Priorities In Critical Care Nursing</subfield>
  </datafield>
  <datafield tag="260" ind1=" " ind2=" ">
    <subfield code="b">Mosby Elsevier</subfield>
    <subfield code="a">Missouri</subfield>
    <subfield code="c">2004</subfield>
  </datafield>
  <datafield tag="300" ind1=" " ind2=" ">
    <subfield code="a">577p</subfield>
  </datafield>
  <datafield tag="999" ind1=" " ind2=" ">
    <subfield code="c">156088</subfield>
    <subfield code="d">156088</subfield>
  </datafield>
  <datafield tag="952" ind1=" " ind2=" ">
    <subfield code="0">0</subfield>
    <subfield code="1">0</subfield>
    <subfield code="4">0</subfield>
    <subfield code="7">3</subfield>
    <subfield code="8">MS</subfield>
    <subfield code="a">BTIN</subfield>
    <subfield code="b">BTIN</subfield>
    <subfield code="d">2008-12-30</subfield>
    <subfield code="e">A.D.Kansara Pune.</subfield>
    <subfield code="g">3764.22</subfield>
    <subfield code="i">159</subfield>
    <subfield code="o">MS 610.7361 URD KAT B05567</subfield>
    <subfield code="p">BTIN-BK-5567</subfield>
    <subfield code="r">2023-04-11 00:00:00</subfield>
    <subfield code="v">2823.00</subfield>
    <subfield code="w">2008-12-30</subfield>
    <subfield code="y">BK</subfield>
    <subfield code="z">B05567</subfield>
  </datafield>
</record>
